Getting Older - Billie Eilish - Statistics

General Stats
  • This quiz has been taken 78 times
  • The average score is 194 of 277
Answer Stats
Hint Answer % Correct
I
100%
get
98%
gettin'
98%
Verse 1 | Verse 3 Im
98%
im
98%
older
98%
a
96%
we
96%
agin'
94%
be
94%
me
94%
so
94%
think
94%
to
94%
well
94%
doin'
92%
the
92%
told
92%
by
90%
for
90%
my
90%
some
90%
this
90%
when
90%
i'd
88%
myself
88%
someone
88%
that
88%
wish
88%
at
86%
had
86%
it's
86%
than
86%
but
84%
Outro But
84%
door
84%
grateful
84%
lot
84%
stranger's
84%
strangers
84%
there's
84%
more
82%
reason
82%
thankful
82%
is
80%
on
80%
reasons
80%
waitin'
80%
always
78%
anyone
78%
before
78%
'cause
78%
just
78%
your
78%
ironic
76%
seem
76%
week
76%
which
76%
different
75%
want
75%
Verse 2 Last
73%
bad
71%
too
71%
crave
69%
Chorus Things
69%
things
69%
ever
67%
pity
67%
now
65%
realized
65%
story
65%
usually
65%
i'll
63%
was
63%
and
61%
make
61%
that's
61%
employed
59%
enjoyed
59%
every
59%
i've
59%
keep
59%
once
59%
retell
59%
sound
59%
they're
59%
deranged
57%
everything
57%
feeling
57%
worse
57%
healing
55%
honest
55%
longing
55%
because
53%
can't
53%
care
53%
don't
53%
shake
53%
weird
53%
attention
51%
maybe
51%
much
51%
of
51%
bein'
49%
bored
49%
until
49%
were
49%
getting
47%
sentence
47%
still
47%
got
45%
ignored
45%
rehearsed
45%
someday
45%
sounds
45%
wasn't
45%
neglection
41%
lyin'
39%
shoulders
37%
better
35%
admitting
33%
estranged
33%
wrong
33%
happier
29%
least
27%
what
27%
did
25%
tell
25%
together
25%
would
25%
pleasure
24%
promise
24%
hope
22%
next
22%
prioritize
22%
anybody
20%
asking
20%
didn't
20%
endeavor
20%
fine
20%
trauma
20%
afraid
18%
depend
18%
given
18%
laughing
18%
somewhere
18%
time
18%
wanna
18%
not
16%
abused
14%
his
14%
ya
14%
decision
12%
permission
12%
No matching quizzes found
Score Distribution
Percent of People with Each Score
Percentile by Number Answered
Your Score History
You have not taken this quiz